Language Quiz

Random Language or Food Quiz

Which Food Belongs in That Idiom? Quiz Stats

 Plays Quiz Updated Sep 10, 2018

Score 0/15 Timer 03:00
8 Plays Today
Question Answer Wrong Answers
Take with a grain of _____ salt
97.4%
cake
0.2%
bacon
0.2%
milk
0.5%
To compare apples and _____ oranges
97.1%
peas
0.6%
eggs
0.5%
tea
0.2%
Like two _____ in a pod peas
96.6%
beans
0.3%
cookies
0.5%
eggs
0.9%
Like taking _____ from a baby candy
96.6%
beans
0.2%
cake
1.2%
salt
0.3%
Cool as a(n) _____ cucumber
96.2%
apple
0.9%
eggs
0.8%
coffee
0.4%
Flat as a _____ pancake
95.7%
cookies
1%
bacon
0.8%
cucumber
0.8%
Cry over spilled _____ milk
95.6%
tea
0.8%
beans
0.8%
coffee
1%
Put all your _____ in one basket eggs
95.3%
beans
0.5%
bacon
0.2%
bread
2.3%
Have a finger in every _____ pie
94.6%
cake
1.9%
pancake
0.6%
bread
1.1%
Bring home the _____ bacon
94.5%
milk
2%
salt
0.9%
beans
0.8%
_____ of one's eye apple
93.8%
oranges
0.6%
candy
1%
pie
2.8%
Best thing since sliced _____ bread
93.5%
cake
1.9%
pie
2.6%
pancake
0.3%
Have your _____ and eat it too cake
93.1%
bacon
1.1%
apple
1.2%
cookies
2.9%
Not my cup of _____ tea
88.5%
milk
0.2%
cake
0.1%
coffee
9.5%
Spill the _____ beans
79.5%
milk
6.3%
peas
9.2%
coffee
3.7%

You're not logged in!

Compare scores with friends on all Sporcle quizzes.
OR
Log In

Sporcle TV

Today on Sporcle TV


Watch our educational content, quiz creation guides, and fun videos on Sporcle TV.

Show Comments

Extras

Top Quizzes Today


Score Distribution

Your Account Isn't Verified!

In order to create a playlist on Sporcle, you need to verify the email address you used during registration. Go to your Sporcle Settings to finish the process.

Report this User

Report this user for behavior that violates our Community Guidelines.

Details: